[Event "Gibraltar Chess Festival 2017 - Masters"]
[Site "Gibraltar ENG"]
[Date "2017.01.25"]
[Round "2.18"]
[White "Khotenashvili, Bela"]
[Black "Iturrizaga Bonelli, Eduardo"]
[Result "0-1"]
[WhiteElo "2430"]
[BlackElo "2652"]
[PlyCount "82"]
[EventDate "2017.01.24"]
[EventType "swiss"]
[EventRounds "10"]
[EventCountry "ENG"]
[SourceTitle "Ajedrez en Madrid"]
[Source "lmi"]
[SourceDate "2017.01.24"]

1. d4 Nf6 2. c4 e6 3. g3 c5 4. d5 exd5 5. cxd5 b5 6. e4 Nxe4 7. Bg2 Nd6 8. Ne2
Be7 9. O-O O-O 10. Nf4 Na6 11. Nc3 Bb7 12. h4 f5 13. Nxb5 Nxb5 14. d6 Nxd6 15.
Bxb7 Nxb7 16. Qd5+ Rf7 17. Qxb7 Qc8 18. Qf3 Nb4 19. Bd2 Qc6 20. Qb3 c4 21. Qd1
Nd5 22. Nxd5 Qxd5 23. Bf4 Qc6 24. Rc1 d5 25. Rc2 Bf6 26. Qf3 Rc8 27. Rfc1 Rb7
28. b3 c3 29. Bg5 d4 30. Qxf5 Bxg5 31. hxg5 Re8 32. Rd1 Rbe7 33. Kh2 Re1 34.
Rxe1 Rxe1 35. f3 Re3 36. Qa5 Re8 37. Qf5 Qg6 38. Qd5+ Kh8 39. Rf2 d3 40. Kg2 d2
41. g4 Qe6 0-1

[Event "Gibraltar Chess Festival 2017 - Masters"]
[Site "Gibraltar ENG"]
[Date "2017.01.25"]
[Round "2.19"]
[White "Hou, Yifan"]
[Black "Zhukova, Natalia"]
[Result "1-0"]
[WhiteElo "2651"]
[BlackElo "2447"]
[PlyCount "95"]
[EventDate "2017.01.24"]
[EventType "swiss"]
[EventRounds "10"]
[EventCountry "ENG"]
[SourceTitle "Ajedrez en Madrid"]
[Source "lmi"]
[SourceDate "2017.01.24"]

1. e4 e6 2. d4 d5 3. Nc3 Bb4 4. e5 Ne7 5. a3 Bxc3+ 6. bxc3 c5 7. Nf3 Qa5 8. Bd2
Qa4 9. Qb1 c4 10. h4 Nbc6 11. h5 h6 12. g3 Bd7 13. Bh3 O-O-O 14. O-O Rdf8 15.
Qb2 b6 16. Rae1 Kb7 17. Re2 Nf5 18. Ne1 g6 19. Ng2 Nce7 20. Bg4 Rh7 21. Qc1
Rfh8 22. Nf4 Rg8 23. Kh2 Bc8 24. Rh1 Bd7 25. Kg1 Bc8 26. hxg6 fxg6 27. Bf3 Rf7
28. Bg2 h5 29. Nh3 Nc6 30. Kh2 Rgf8 31. Bg5 Rh7 32. Nf4 Nce7 33. Bh3 Rg8 34.
Bxe7 Rxe7 35. Bxf5 gxf5 36. Kg2 Rh7 37. Rxh5 Rgh8 38. Rxh7+ Rxh7 39. Re1 Qe8
40. Rh1 Qh8 41. Rh3 Kc6 42. Ng6 Qg7 43. Qg5 Kb5 44. Rxh7 Qxh7 45. Qf6 f4 46. g4
f3+ 47. Kg3 a5 48. g5 1-0

[Event "Gibraltar Chess Festival 2017 - Masters"]
[Site "Gibraltar ENG"]
[Date "2017.01.25"]
[Round "2.20"]
[White "Wemmers, Xander"]
[Black "Piorun, Kacper"]
[Result "0-1"]
[WhiteElo "2424"]
[BlackElo "2651"]
[PlyCount "82"]
[EventDate "2017.01.24"]
[EventType "swiss"]
[EventRounds "10"]
[EventCountry "ENG"]
[SourceTitle "Ajedrez en Madrid"]
[Source "lmi"]
[SourceDate "2017.01.24"]

1. d4 Nf6 2. c4 g6 3. Nc3 d5 4. Nf3 Bg7 5. Qb3 dxc4 6. Qxc4 O-O 7. e4 Be6 8. d5
Bc8 9. Bf4 c6 10. Rd1 cxd5 11. exd5 Ne8 12. Be2 Nd6 13. Qb3 Nd7 14. O-O Qa5 15.
Qc2 Nb6 16. Ne5 Bf5 17. Qd2 Rac8 18. Rfe1 Qb4 19. h3 Rfe8 20. g4 Bd7 21. Nxd7
Nxd7 22. Nb5 Qxd2 23. Rxd2 Be5 24. Bxe5 Nxe5 25. f4 Nd7 26. Nxa7 Ra8 27. Nb5
Rxa2 28. Rc1 Nf6 29. Rc7 Nde4 30. Rdc2 Nxd5 31. Rxb7 Nxf4 32. Bc4 Ra1+ 33. Kh2
e6 34. Ra7 Re1 35. Nc7 Rd8 36. Ra8 Rxa8 37. Nxa8 h5 38. gxh5 gxh5 39. h4 Nf6
40. Kg3 e5 41. Nc7 Rh1 0-1

[Event "Gibraltar Chess Festival 2017 - Masters"]
[Site "Gibraltar ENG"]
[Date "2017.01.25"]
[Round "2.21"]
[White "Anton Guijarro, David"]
[Black "Womacka, Mathias"]
[Result "1-0"]
[WhiteElo "2650"]
[BlackElo "2435"]
[PlyCount "93"]
[EventDate "2017.01.24"]
[EventType "swiss"]
[EventRounds "10"]
[EventCountry "ENG"]
[SourceTitle "Ajedrez en Madrid"]
[Source "lmi"]
[SourceDate "2017.01.24"]

1. d4 Nf6 2. c4 e6 3. Nf3 Bb4+ 4. Nbd2 O-O 5. a3 Be7 6. e4 d5 7. e5 Nfd7 8. Bd3
c5 9. Qc2 h6 10. O-O a5 11. Nb3 b6 12. Bf4 a4 13. Nbd2 Bb7 14. cxd5 Bxd5 15.
Bh7+ Kh8 16. Be4 Nc6 17. Bxd5 exd5 18. Rad1 Nxd4 19. Nxd4 cxd4 20. Nf3 Nc5 21.
Nxd4 Qd7 22. Be3 Rfe8 23. Ne2 Bf8 24. f4 Rac8 25. Kh1 Nb3 26. Qd3 Bc5 27. Bxc5
Rxc5 28. Nc3 Qc6 29. Rfe1 d4 30. Ne4 Rc2 31. Qg3 Qg6 32. Qh3 Qe6 33. Qf3 Qc6
34. Qg3 Qg6 35. Qh3 Qe6 36. Qd3 Qc6 37. Re2 Rxe2 38. Qxe2 f6 39. Nd6 Re6 40.
Nf7+ Kg8 41. Nd8 Qd5 42. Nxe6 Qxe6 43. h3 f5 44. Qb5 Qc8 45. Qd5+ Kh8 46. e6
Qc2 47. Rg1 1-0

[Event "Gibraltar Chess Festival 2017 - Masters"]
[Site "Gibraltar ENG"]
[Date "2017.01.25"]
[Round "2.22"]
[White "Sethuraman, S.P."]
[Black "Sundararajan, Kidambi"]
[Result "1-0"]
[WhiteElo "2637"]
[BlackElo "2420"]
[PlyCount "55"]
[EventDate "2017.01.24"]
[EventType "swiss"]
[EventRounds "10"]
[EventCountry "ENG"]
[SourceTitle "Ajedrez en Madrid"]
[Source "lmi"]
[SourceDate "2017.01.24"]

1. e4 e5 2. Nf3 Nc6 3. d4 exd4 4. Nxd4 Qf6 5. Nb3 Qg6 6. f3 Bb4+ 7. Bd2 Bxd2+
8. Qxd2 d6 9. Nc3 Be6 10. Bd3 O-O-O 11. Nd5 Qh6 12. f4 f5 13. O-O Nf6 14. Nb4
Nxb4 15. Qxb4 c5 16. Nxc5 dxc5 17. Qxc5+ Kb8 18. Qe5+ Ka8 19. Qxe6 fxe4 20. Be2
Rd2 21. Qc4 Nd5 22. Qxe4 Qb6+ 23. Kh1 Ne3 24. Rfe1 Nxc2 25. Rad1 Rxd1 26. Rxd1
Ne3 27. Rd3 Rc8 28. Rc3 1-0

[Event "Gibraltar Chess Festival 2017 - Masters"]
[Site "Gibraltar ENG"]
[Date "2017.01.25"]
[Round "2.23"]
[White "Karavade, Eesha"]
[Black "Akobian, Varuzhan"]
[Result "0-1"]
[WhiteElo "2418"]
[BlackElo "2633"]
[PlyCount "78"]
[EventDate "2017.01.24"]
[EventType "swiss"]
[EventRounds "10"]
[EventCountry "ENG"]
[SourceTitle "Ajedrez en Madrid"]
[Source "lmi"]
[SourceDate "2017.01.24"]

1. d4 Nf6 2. c4 b6 3. Nf3 Bb7 4. g3 g6 5. Bg2 Bg7 6. O-O O-O 7. Qc2 c5 8. d5 b5
9. e4 bxc4 10. Nc3 d6 11. Nd2 Nfd7 12. Nxc4 Ba6 13. Nd1 Nb6 14. Nde3 N8d7 15.
Rb1 Ne5 16. Nxe5 Bxe5 17. Rd1 Qd7 18. Bd2 Bd4 19. h4 Be2 20. Re1 Qb5 21. Bf1
Bxf1 22. Nxf1 Nc4 23. Bc3 Ne5 24. Qe2 Rab8 25. Rbd1 f5 26. Nh2 f4 27. Bxd4 cxd4
28. Qxb5 Rxb5 29. b3 fxg3 30. fxg3 Rc5 31. Rd2 d3 32. Kg2 Rc2 33. Red1 h5 34.
Nf1 Ng4 35. Kg1 Rf2 36. a4 a5 37. b4 axb4 38. a5 Rfxd2 39. Rxd2 Ne5 0-1

[Event "Gibraltar Chess Festival 2017 - Masters"]
[Site "Gibraltar ENG"]
[Date "2017.01.25"]
[Round "2.24"]
[White "Sutovsky, Emil"]
[Black "Kuipers, Stefan"]
[Result "1-0"]
[WhiteElo "2628"]
[BlackElo "2414"]
[PlyCount "81"]
[EventDate "2017.01.24"]
[EventType "swiss"]
[EventRounds "10"]
[EventCountry "ENG"]
[SourceTitle "Ajedrez en Madrid"]
[Source "lmi"]
[SourceDate "2017.01.24"]

1. e4 d6 2. d4 Nf6 3. Nc3 e5 4. Nf3 Nbd7 5. Bc4 Be7 6. a4 O-O 7. O-O exd4 8.
Qxd4 Nb6 9. Ba2 a5 10. h3 Bd7 11. Rd1 Bc6 12. Qe3 Nfd7 13. e5 Qe8 14. exd6 Bxd6
15. Nd4 Nxa4 16. Nxc6 Nxc3 17. Rxd6 Nxa2 18. Qxe8 Rfxe8 19. Rxd7 Nxc1 20. Rxc1
bxc6 21. Rxc7 Re6 22. Ra1 g6 23. Ra4 Rb8 24. Rf4 Rxb2 25. Rfxf7 Rxc2 26. Rg7+
Kh8 27. Rxh7+ Kg8 28. Rcg7+ Kf8 29. Ra7 Kg8 30. Rhg7+ Kf8 31. Rgf7+ Kg8 32. g4
Ra2 33. Rg7+ Kf8 34. Rgc7 g5 35. Rc8+ Re8 36. Rxc6 Re1+ 37. Kg2 Ree2 38. Rc8+
Re8 39. Rc5 Ree2 40. Rf5+ Ke8 41. Kg3 1-0

[Event "Gibraltar Chess Festival 2017 - Masters"]
[Site "Gibraltar ENG"]
[Date "2017.01.25"]
[Round "2.25"]
[White "Carlstedt, Jonathan"]
[Black "Maze, Sebastien"]
[Result "1/2-1/2"]
[WhiteElo "2413"]
[BlackElo "2613"]
[PlyCount "66"]
[EventDate "2017.01.24"]
[EventType "swiss"]
[EventRounds "10"]
[EventCountry "ENG"]
[SourceTitle "Ajedrez en Madrid"]
[Source "lmi"]
[SourceDate "2017.01.24"]

1. d4 Nf6 2. c4 g6 3. g3 Bg7 4. Bg2 O-O 5. Nc3 d6 6. Nf3 Nc6 7. O-O Bf5 8. d5
Na5 9. Nd2 c5 10. e4 Bd7 11. Qe2 e6 12. f4 exd5 13. cxd5 Re8 14. e5 Bg4 15. Qe1
Bf5 16. h3 dxe5 17. fxe5 Nxd5 18. Bxd5 Rxe5 19. Nde4 Rxd5 20. Bg5 Qd7 21. Nxd5
Qxd5 22. Nf6+ Bxf6 23. Bxf6 Bxh3 24. Rf2 Nc6 25. Qe3 Qh5 26. Re1 Rf8 27. Bg5
Nd4 28. Bh6 Be6 29. Bxf8 Kxf8 30. Qf4 Bd5 31. Qd6+ Kg7 32. Qf6+ Kh6 33. Qf4+
Kg7 1/2-1/2

[Event "Gibraltar Chess Festival 2017 - Masters"]
[Site "Gibraltar ENG"]
[Date "2017.01.25"]
[Round "2.26"]
[White "Vocaturo, Daniele"]
[Black "Shvayger, Yuliya"]
[Result "1/2-1/2"]
[WhiteElo "2606"]
[BlackElo "2413"]
[PlyCount "101"]
[EventDate "2017.01.24"]
[EventType "swiss"]
[EventRounds "10"]
[EventCountry "ENG"]
[SourceTitle "Ajedrez en Madrid"]
[Source "lmi"]
[SourceDate "2017.01.24"]

1. e4 c5 2. Nc3 Nc6 3. Bb5 g6 4. Bxc6 dxc6 5. d3 Bg7 6. Be3 c4 7. d4 Nf6 8. f3
b5 9. Nge2 a5 10. Qd2 Ba6 11. e5 Nd5 12. Nxd5 cxd5 13. Bh6 Bf8 14. Bxf8 Rxf8
15. Qh6 e6 16. Qxh7 c3 17. Qh6 cxb2 18. Rb1 b4 19. Rxb2 Rc8 20. Nc1 Rc3 21. Nb3
Qc7 22. Kd1 Bc4 23. Qd2 Bxb3 24. axb3 Rh8 25. Ra2 Qb6 26. h4 Rh5 27. g4 Rh7 28.
Ke2 Qd8 29. h5 gxh5 30. gxh5 Kd7 31. Kf2 f6 32. Qe2 Qb6 33. Rh4 f5 34. Kg2 Rc8
35. Ra1 Rg8+ 36. Kh1 f4 37. Qd3 Rgh8 38. Rg1 Rxh5 39. Rg7+ Kc8 40. Rxh5 Rxh5+
41. Kg2 Rf5 42. c3 Rf8 43. cxb4 axb4 44. Qg6 Qa6 45. Qc2+ Kb8 46. Qd2 Ka8 47.
Kf2 Rh8 48. Rg2 Rh1 49. Rg8+ Ka7 50. Rg7+ Ka8 51. Rg8+ 1/2-1/2

[Event "Gibraltar Chess Festival 2017 - Masters"]
[Site "Gibraltar ENG"]
[Date "2017.01.25"]
[Round "2.27"]
[White "Pustovoitova, Daria"]
[Black "Fridman, Daniel"]
[Result "1/2-1/2"]
[WhiteElo "2407"]
[BlackElo "2594"]
[PlyCount "116"]
[EventDate "2017.01.24"]
[EventType "swiss"]
[EventRounds "10"]
[EventCountry "ENG"]
[SourceTitle "Ajedrez en Madrid"]
[Source "lmi"]
[SourceDate "2017.01.24"]

1. d4 e6 2. c4 Nf6 3. Nf3 c5 4. d5 exd5 5. cxd5 d6 6. Nc3 g6 7. Bf4 Bg7 8. Qa4+
Bd7 9. Qb3 b5 10. Bxd6 Qb6 11. Be5 O-O 12. e3 c4 13. Qd1 b4 14. Ne2 Rc8 15. Rc1
Qa5 16. Nf4 c3 17. bxc3 Ba4 18. Qd4 Nbd7 19. Be2 Nxe5 20. Nxe5 Nd7 21. Nfd3 Bb5
22. Qxb4 Qxb4 23. Nxb4 Bxe2 24. Nxd7 Bb5 25. Nc6 Bxc6 26. dxc6 Rxc6 27. f4 f6
28. Rb1 Rd8 29. Nb8 Rcc8 30. Na6 Rd6 31. Nb8 Rxc3 32. Kf2 Rd2+ 33. Kf3 Rcc2 34.
Rhd1 Rf2+ 35. Ke4 Rc8 36. Rd7 f5+ 37. Kd5 Rd2+ 38. Ke6 Rxa2 39. Rbb7 Re8+ 40.
Re7 Rxe7+ 41. Rxe7 Bf8 42. Rc7 Ra3 43. Kf6 Rxe3 44. Rxa7 Rd3 45. Nd7 Bg7+ 46.
Ke6 Re3+ 47. Ne5 h6 48. h4 Re2 49. Ra8+ Kh7 50. Kf7 Bxe5 51. Re8 Rxg2 52. fxe5
f4 53. e6 f3 54. Re7 Re2 55. Kf6+ Kg8 56. Kxg6 Kf8 57. Rf7+ Ke8 58. Rxf3 Rxe6+
1/2-1/2

[Event "Gibraltar Chess Festival 2017 - Masters"]
[Site "Gibraltar ENG"]
[Date "2017.01.25"]
[Round "2.28"]
[White "Lagarde, Maxime"]
[Black "Vega Gutierrez, Sabrina"]
[Result "1-0"]
[WhiteElo "2594"]
[BlackElo "2406"]
[PlyCount "58"]
[EventDate "2017.01.24"]
[EventType "swiss"]
[EventRounds "10"]
[EventCountry "ENG"]
[SourceTitle "Ajedrez en Madrid"]
[Source "lmi"]
[SourceDate "2017.01.24"]

1. b3 e5 2. Bb2 Nc6 3. e3 Nf6 4. Bb5 Bd6 5. Na3 e4 6. Nc4 Be7 7. Bxc6 bxc6 8.
d4 a5 9. Ne2 O-O 10. O-O d5 11. Nd2 Bd6 12. h3 Bf5 13. a4 Qe7 14. Qc1 Rfd8 15.
c4 Nh5 16. c5 Bxh3 17. gxh3 Qg5+ 18. Kh1 Qh4 19. Ng1 f5 20. cxd6 Rxd6 21. f4 g5
22. Qe1 Ng3+ 23. Kh2 Nxf1+ 24. Nxf1 Qxe1 25. Rxe1 gxf4 26. exf4 Kf7 27. Ba3 Rg6
28. Ne3 Ke6 29. Rc1 Kd7 1-0

[Event "Gibraltar Chess Festival 2017 - Masters"]
[Site "Gibraltar ENG"]
[Date "2017.01.25"]
[Round "2.29"]
[White "Docx, Stefan"]
[Black "Istratescu, Andrei"]
[Result "1/2-1/2"]
[WhiteElo "2405"]
[BlackElo "2593"]
[PlyCount "88"]
[EventDate "2017.01.24"]
[EventType "swiss"]
[EventRounds "10"]
[EventCountry "ENG"]
[SourceTitle "Ajedrez en Madrid"]
[Source "lmi"]
[SourceDate "2017.01.24"]

1. c4 e5 2. Nc3 Nf6 3. Nf3 Nc6 4. e3 Bb4 5. Qc2 O-O 6. Nd5 Re8 7. Qf5 d6 8.
Nxf6+ Qxf6 9. Qxf6 gxf6 10. a3 Bc5 11. b4 Bb6 12. Bb2 a5 13. b5 Ne7 14. d4 a4
15. O-O-O Ng6 16. Be2 c6 17. c5 dxc5 18. dxe5 fxe5 19. Ng5 Kg7 20. bxc6 bxc6
21. Bf3 Rd8 22. Bxc6 Ra7 23. Ne4 Be6 24. Rxd8 Bxd8 25. Rd1 Be7 26. Nc3 Bb3 27.
Rd7 Ra6 28. Bd5 f5 29. Rb7 Kh6 30. Bxb3 axb3 31. Rxb3 c4 32. Rb5 Bxa3 33. Bxa3
Rxa3 34. Kb2 Rb3+ 35. Rxb3 cxb3 36. Kxb3 Nh4 37. g3 Nf3 38. h3 Ng1 39. h4 Nh3
40. f4 exf4 41. exf4 Kh5 42. Kc4 Kg4 43. Kd4 Kxg3 44. Ke5 Kxh4 1/2-1/2

[Event "Gibraltar Chess Festival 2017 - Masters"]
[Site "Gibraltar ENG"]
[Date "2017.01.25"]
[Round "2.30"]
[White "Gledura, Benjamin"]
[Black "Perez Garcia, Alejandro"]
[Result "1/2-1/2"]
[WhiteElo "2589"]
[BlackElo "2398"]
[PlyCount "155"]
[EventDate "2017.01.24"]
[EventType "swiss"]
[EventRounds "10"]
[EventCountry "ENG"]
[SourceTitle "Ajedrez en Madrid"]
[Source "lmi"]
[SourceDate "2017.01.24"]

1. Nf3 d5 2. g3 Bg4 3. Bg2 Nd7 4. h3 Bh5 5. O-O Ngf6 6. d3 e5 7. c4 dxc4 8.
dxc4 c6 9. Nh4 Bc5 10. Nc3 O-O 11. Na4 Be7 12. Nf5 Bg6 13. Nxe7+ Qxe7 14. Qb3
Rfb8 15. Qe3 a6 16. b3 b5 17. Nb2 Qe6 18. Bd2 bxc4 19. Nxc4 Nd5 20. Qg5 e4 21.
Ba5 Rb5 22. Qd2 Re8 23. Bc3 N7f6 24. Bb2 e3 25. Nxe3 Be4 26. Bxf6 Nxf6 27. Rad1
Bxg2 28. Kxg2 Qe4+ 29. Kh2 Rh5 30. Qd6 Ng4+ 31. Nxg4 Qxg4 32. Qd7 Rxh3+ 33. Kg2
Qxd7 34. Rxd7 Rh5 35. Rc1 h6 36. e3 Ra5 37. a4 Rb8 38. Rc3 Rd5 39. Rc7 c5 40.
R7xc5 Rxc5 41. Rxc5 Rxb3 42. Rc6 a5 43. Rc5 Ra3 44. Rxa5 Ra2 45. Ra7 g6 46. a5
Kg7 47. a6 h5 48. Ra8 Kf6 49. a7 Kg5 50. Kh3 Kf5 51. e4+ Kf6 52. e5+ Kg7 53. f4
Kh7 54. f5 gxf5 55. Kh4 Kg6 56. g4 f4 57. gxh5+ Kf5 58. Kh3 Ra3+ 59. Kg2 Ra2+
60. Kf3 Ra3+ 61. Kf2 Ra2+ 62. Ke1 Ke4 63. e6 fxe6 64. h6 Ke3 65. Kd1 Rd2+ 66.
Ke1 Ra2 67. Kd1 Rd2+ 68. Ke1 Rd7 69. Re8 Rxa7 70. Rxe6+ Kf3 71. Rf6 Ra1+ 72.
Kd2 Rh1 73. Rg6 Kf2 74. Rf6 f3 75. Rg6 Rh3 76. Rf6 Kg1 77. Ke1 Rxh6 78. Rxf3
1/2-1/2

[Event "Gibraltar Chess Festival 2017 - Masters"]
[Site "Gibraltar ENG"]
[Date "2017.01.25"]
[Round "2.31"]
[White "Batchimeg, Tuvshintugs"]
[Black "Lalith, Babu M R"]
[Result "1-0"]
[WhiteElo "2390"]
[BlackElo "2587"]
[PlyCount "71"]
[EventDate "2017.01.24"]
[EventType "swiss"]
[EventRounds "10"]
[EventCountry "ENG"]
[SourceTitle "Ajedrez en Madrid"]
[Source "lmi"]
[SourceDate "2017.01.24"]

1. d4 g6 2. e4 Bg7 3. Nc3 c6 4. f4 d5 5. e5 Nh6 6. Nf3 Qb6 7. Na4 Qc7 8. Be3 f6
9. Be2 Ng4 10. Bd2 Nd7 11. O-O b5 12. Nc3 Nb6 13. b3 O-O 14. h3 Nh6 15. Bd3 b4
16. Ne2 c5 17. dxc5 Qxc5+ 18. Kh1 Nf5 19. Qe1 a5 20. Ng3 fxe5 21. Nxe5 Qd6 22.
Rd1 Nxg3+ 23. Qxg3 Bf5 24. Rfe1 Nd7 25. Bxf5 Rxf5 26. Nxd7 Qxd7 27. c3 Qd6 28.
cxb4 axb4 29. Qe3 Rxa2 30. Qxe7 Qxe7 31. Rxe7 Bc3 32. Be3 d4 33. Bxd4 Rd5 34.
Re4 Rb2 35. Kh2 Kf7 36. Bxc3 1-0

[Event "Gibraltar Chess Festival 2017 - Masters"]
[Site "Gibraltar ENG"]
[Date "2017.01.25"]
[Round "2.32"]
[White "Ju, Wenjun"]
[Black "Guerra Rivera, Salvador"]
[Result "1-0"]
[WhiteElo "2583"]
[BlackElo "2389"]
[PlyCount "69"]
[EventDate "2017.01.24"]
[EventType "swiss"]
[EventRounds "10"]
[EventCountry "ENG"]
[SourceTitle "Ajedrez en Madrid"]
[Source "lmi"]
[SourceDate "2017.01.24"]

1. d4 d6 2. Nf3 Nf6 3. g3 g6 4. Bg2 Bg7 5. O-O O-O 6. c4 c6 7. Nc3 Qa5 8. e4 e5
9. Qe2 Bg4 10. d5 cxd5 11. cxd5 Nbd7 12. h3 Bxf3 13. Bxf3 a6 14. Bd2 Rfc8 15.
Rfc1 b5 16. a3 Qd8 17. b3 Nc5 18. Rcb1 Nfd7 19. b4 Na4 20. Nxa4 bxa4 21. Rc1 a5
22. Rxc8 Rxc8 23. bxa5 Nc5 24. Rc1 Nb3 25. Rxc8 Qxc8 26. Bb4 Nd4 27. Qd3 Bf8
28. Bd1 Qxh3 29. a6 Qd7 30. Qc4 f5 31. exf5 Nxf5 32. Bg4 Qa7 33. Bxf5 gxf5 34.
Qc8 f4 35. Bxd6 1-0

[Event "Gibraltar Chess Festival 2017 - Masters"]
[Site "Gibraltar ENG"]
[Date "2017.01.25"]
[Round "2.33"]
[White "Milliet, Sophie"]
[Black "Antipov, Mikhail Al"]
[Result "0-1"]
[WhiteElo "2387"]
[BlackElo "2580"]
[PlyCount "64"]
[EventDate "2017.01.24"]
[EventType "swiss"]
[EventRounds "10"]
[EventCountry "ENG"]
[SourceTitle "Ajedrez en Madrid"]
[Source "lmi"]
[SourceDate "2017.01.24"]

1. e4 e5 2. Nf3 d6 3. d4 exd4 4. Nxd4 Nf6 5. Nc3 Be7 6. g3 O-O 7. Bg2 Nc6 8.
Nxc6 bxc6 9. O-O Be6 10. Ne2 Bd7 11. b3 Re8 12. Bb2 Rb8 13. f3 h6 14. Qd2 Nh7
15. f4 Bf6 16. e5 dxe5 17. fxe5 Bxe5 18. Bxe5 Rxe5 19. Rad1 Nf6 20. Bxc6 Rb6
21. Bxd7 Rd6 22. Qc3 Qxd7 23. Qxe5 Rxd1 24. Nc3 Rd2 25. Ne4 Ng4 26. Qf5 Rg2+
27. Kh1 Rxh2+ 28. Kg1 Qd4+ 29. Nf2 Rg2+ 30. Kh1 Rxf2 31. Rxf2 Nxf2+ 32. Kg2
Qe4+ 0-1

[Event "Gibraltar Chess Festival 2017 - Masters"]
[Site "Gibraltar ENG"]
[Date "2017.01.25"]
[Round "2.34"]
[White "Gopal, G.N."]
[Black "Ladron De Guevara Pinto, Paolo"]
[Result "1-0"]
[WhiteElo "2579"]
[BlackElo "2386"]
[PlyCount "147"]
[EventDate "2017.01.24"]
[EventType "swiss"]
[EventRounds "10"]
[EventCountry "ENG"]
[SourceTitle "Ajedrez en Madrid"]
[Source "lmi"]
[SourceDate "2017.01.24"]

1. e4 e5 2. Nf3 Nc6 3. Bb5 a6 4. Ba4 Nf6 5. O-O Be7 6. Re1 b5 7. Bb3 d6 8. c3
O-O 9. h3 Bb7 10. d4 Re8 11. Nbd2 Bf8 12. a3 h6 13. d5 Ne7 14. Nh2 Qd7 15. Ndf1
c6 16. dxc6 Bxc6 17. Qf3 d5 18. Ng4 Nxg4 19. hxg4 Qe6 20. Qh3 Rad8 21. Ng3 Qg6
22. Bc2 Bb7 23. Qh4 Nc8 24. Bb1 d4 25. cxd4 Rxd4 26. Nf5 Rd7 27. Qg3 Nd6 28.
Qf3 Red8 29. Ba2 Nxf5 30. gxf5 Qf6 31. Be3 Qh4 32. Bb1 b4 33. g3 Qf6 34. Ba2
bxa3 35. bxa3 Rd3 36. Bc4 Rxa3 37. Rxa3 Bxa3 38. Rb1 Rc8 39. Ba2 Bc6 40. Rb6
Bd6 41. Rxa6 Kh7 42. Bd5 Bb5 43. Rb6 Rb8 44. Bxf7 Qxf7 45. Rxd6 Qc7 46. Rd1 Rd8
47. Rc1 Qd6 48. Qg4 Bd3 49. Kh2 Qa6 50. Rc7 Qf6 51. Bc5 Re8 52. Rd7 Bb1 53. Be7
Rxe7 54. Qg6+ Qxg6 55. fxg6+ Kxg6 56. Rxe7 Kf6 57. Re8 Bxe4 58. f4 Bf5 59. Rxe5
Bd7 60. Kg2 Bg4 61. Kf2 Bd7 62. Ke3 Bh3 63. Ra5 Bc8 64. Rc5 Bd7 65. Ke4 g6 66.
Ra5 Bc6+ 67. Ke3 Bd7 68. Ra6+ Be6 69. Ke4 h5 70. Rb6 Kf7 71. Ke5 Bc4 72. Rb7+
Kg8 73. Kf6 Bd3 74. Rg7+ 1-0

[Event "Gibraltar Chess Festival 2017 - Masters"]
[Site "Gibraltar ENG"]
[Date "2017.01.25"]
[Round "2.35"]
[White "Garriga Cazorla, Pere"]
[Black "Blomqvist, Erik"]
[Result "1/2-1/2"]
[WhiteElo "2386"]
[BlackElo "2574"]
[PlyCount "111"]
[EventDate "2017.01.24"]
[EventType "swiss"]
[EventRounds "10"]
[EventCountry "ENG"]
[SourceTitle "Ajedrez en Madrid"]
[Source "lmi"]
[SourceDate "2017.01.24"]

1. d4 Nf6 2. c4 e6 3. Nc3 Bb4 4. Qc2 O-O 5. Nf3 d5 6. cxd5 exd5 7. Bg5 h6 8.
Bh4 c5 9. dxc5 g5 10. Bg3 Ne4 11. e3 Nd7 12. Be2 Ndxc5 13. Nd4 Qa5 14. O-O Bxc3
15. bxc3 Qxc3 16. Qd1 Bd7 17. a4 a6 18. Bg4 f5 19. Bf3 Rae8 20. a5 Rf6 21. Bc7
Nd3 22. Bb6 Ne5 23. Bh5 Rc8 24. Nf3 Nxf3+ 25. gxf3 Rxb6 26. axb6 Nf6 27. f4
gxf4 28. Rc1 Qe5 29. Rxc8+ Bxc8 30. Qc1 Bd7 31. exf4 Qd6 32. Bf3 Qxb6 33. Kh1
Kf7 34. Qc3 d4 35. Qc4+ Be6 36. Qd3 Qb5 37. Qxb5 axb5 38. Rd1 Bd5 39. Kg2 Ke6
40. Rxd4 Kd6 41. Bxd5 Nxd5 42. Kf3 Kc5 43. Rd2 b4 44. Ke2 b3 45. Kd1 Kc4 46.
Kc1 b5 47. Kb2 Nxf4 48. Rd6 Nd3+ 49. Kb1 Nxf2 50. Rxh6 Ng4 51. Rc6+ Kd5 52. Rc3
Nxh2 53. Rxb3 f4 54. Rxb5+ Ke4 55. Rb4+ Ke3 56. Rxf4 1/2-1/2

[Event "Gibraltar Chess Festival 2017 - Masters"]
[Site "Gibraltar ENG"]
[Date "2017.01.25"]
[Round "2.36"]
[White "Deac, Bogdan-Daniel"]
[Black "Herman, Matthew J"]
[Result "1-0"]
[WhiteElo "2572"]
[BlackElo "2383"]
[PlyCount "61"]
[EventDate "2017.01.24"]
[EventType "swiss"]
[EventRounds "10"]
[EventCountry "ENG"]
[SourceTitle "Ajedrez en Madrid"]
[Source "lmi"]
[SourceDate "2017.01.24"]

1. c4 e5 2. Nc3 Nc6 3. Nf3 Nf6 4. g3 g6 5. Bg2 Bg7 6. d4 exd4 7. Nxd4 O-O 8.
O-O Re8 9. Nc2 d6 10. Bg5 h6 11. Bd2 Ne5 12. b3 c6 13. Rc1 Be6 14. Nd4 Bc8 15.
h3 Ned7 16. Qc2 Nc5 17. Rcd1 Nfd7 18. Bc1 a5 19. e4 Qb6 20. Be3 Qb4 21. Ncb5
cxb5 22. Bd2 bxc4 23. Bxb4 axb4 24. Nb5 Ne5 25. Nxd6 Be6 26. Nxe8 Rxe8 27. f4
Ned3 28. bxc4 Nb2 29. Rd5 Bxd5 30. cxd5 Ncd3 31. e5 1-0

[Event "Gibraltar Chess Festival 2017 - Masters"]
[Site "Gibraltar ENG"]
[Date "2017.01.25"]
[Round "2.37"]
[White "Vazquez Igarza, Renier"]
[Black "Godart, Francois"]
[Result "1/2-1/2"]
[WhiteElo "2572"]
[BlackElo "2381"]
[PlyCount "31"]
[EventDate "2017.01.24"]
[EventType "swiss"]
[EventRounds "10"]
[EventCountry "ENG"]
[SourceTitle "Ajedrez en Madrid"]
[Source "lmi"]
[SourceDate "2017.01.24"]

1. Nf3 d5 2. d4 c5 3. g3 cxd4 4. Bg2 Qa5+ 5. c3 dxc3 6. Nxc3 Nf6 7. O-O e6 8.
Bg5 Be7 9. Nd4 O-O 10. e4 dxe4 11. Nxe4 Nbd7 12. Nb3 Qf5 13. Nd4 Qa5 14. Nb3
Qf5 15. Nd4 Qa5 16. Nb3 1/2-1/2

[Event "Gibraltar Chess Festival 2017 - Masters"]
[Site "Gibraltar ENG"]
[Date "2017.01.25"]
[Round "2.38"]
[White "Jessel, Stephen"]
[Black "Grigoriants, Sergey"]
[Result "0-1"]
[WhiteElo "2382"]
[BlackElo "2564"]
[PlyCount "88"]
[EventDate "2017.01.24"]
[EventType "swiss"]
[EventRounds "10"]
[EventCountry "ENG"]
[SourceTitle "Ajedrez en Madrid"]
[Source "lmi"]
[SourceDate "2017.01.24"]

1. Nf3 Nf6 2. c4 g6 3. b4 Bg7 4. Bb2 O-O 5. g3 Na6 6. Qb3 d5 7. d3 c5 8. b5 Nc7
9. Bg2 d4 10. O-O Re8 11. Nbd2 e5 12. Ne4 Nxe4 13. dxe4 Re7 14. a4 Ne8 15. Ne1
Nd6 16. a5 Be6 17. Ra4 b6 18. Nd3 Rb8 19. axb6 axb6 20. Rfa1 Bc8 21. Bc1 Bb7
22. f3 Re8 23. Nf2 Qe7 24. e3 f5 25. exd4 exd4 26. Bf4 fxe4 27. fxe4 Be5 28.
Re1 Bxf4 29. gxf4 Qf7 30. Qg3 Kh8 31. e5 Bxg2 32. Kxg2 Nf5 33. Qd3 Ne3+ 34.
Rxe3 dxe3 35. Qxe3 g5 36. fxg5 Qf5 37. h4 Rxe5 38. Qg3 Rf8 39. Ra2 Qe6 40. Qc3
Kg8 41. Ra7 Qf5 42. Ra2 Qf4 43. Qg3 Qxc4 44. Rd2 Re2 0-1